Statistics for Top 20 Most Famous Best Actress Oscar Winners

Click here to take the quiz!

General Stats

  • This quiz has been taken 953 times
  • The average score is 11 of 20

Answer Stats

%YearActress% Correct
932012Meryl Streep
93%
731982Audrey and Katharine Hepburn
69%
912001Julia Roberts
69%
722009Kate Winslet
68%
812010Sandra Bullock
65%
762002Halle Berry
64%
712014Cate Blanchett
63%
812013Jennifer Lawrence
62%
841992Jodie Foster
62%
692003Nicole Kidman
58%
812005Hilary Swank
55%
712007Helen Mirren
54%
641967Elizabeth Taylor
53%
902011Natalie Portman'
53%
741999Gwyneth Paltrow
51%
712004Charlize Theron
50%
742006Reese Witherspoon
45%
701965Julie Andrews
42%
631998Helen Hunt
37%
581991Kathy Bates
31%

Score Distribution

Percentile by Number Answered

Percent of People with Each Score

Your Score History

You have not taken this quiz